That Sign Can't Be Real… Can It? Quiz Stats

Quiz Updated Apr 13, 2016

Challenge
Share
Tweet
Score 0/25 Timer 06:00
1 Play Today
% Correct
Day
95.5%
Sit
90.9%
Pot
88.5%
Here
85.7%
Free
85.3%
Swimming
84.8%
Turned
84.7%
God
84.4%
Lawn
83.4%
Baby
82.8%
Tree
81.5%
P
80%
Weather
79.3%
% Correct
Night
78.8%
Run
77.2%
Wife
76.2%
Husband
76%
Death
75.7%
Wedding
66.6%
Total
64%
Returns
63.8%
Plants
60.3%
Accident
46.8%
Family
36.9%
Balcony
34.4%

You're not logged in!

Compare scores with friends on all Sporcle quizzes.
Sign Up with Email
OR
Log In

You Might Also Like...

Show Comments

Extras

Top Quizzes Today


Score Distribution

Your Account Isn't Verified!

In order to create a playlist on Sporcle, you need to verify the email address you used during registration. Go to your Sporcle Settings to finish the process.